| 000 | 00868nam a2200229Ia 4500 | ||
|---|---|---|---|
| 003 | CO-CtgCURN | ||
| 005 | 20250409210213.0 | ||
| 008 | 190723s9999 xx 000 0 und d | ||
| 040 |
_aCO-CtgCURN _bspa _ccoctgcurn |
||
| 082 |
_a350.72 _bA475d |
||
| 100 | _aAlvis Arrieta, Jorge Luis | ||
| 245 | 0 |
_aDesarrollo regional, finanzas e inversion pública : _bel caso de la Costa Caribe / _cJorge Luis Alvis Arrieta |
|
| 260 |
_aCartagena de Indias, Bolívar : _bUniversidad Jorge Tadeo Lozano, _c1999 |
||
| 300 |
_a58 páginas ; _c32 centímetros |
||
| 490 | _aEstudios sobre la Costa Caribe | ||
| 521 | _aAREA PROFESIONAL | ||
| 590 | _aPrograma de Derecho_18 | ||
| 650 | _aAdministracion pública | ||
| 650 | _aDescentralización administrativa | ||
| 942 |
_cBK _h350.72 _iA475d |
||
| 999 |
_c29798 _d29798 |
||